01189cam a22002651 4500001001300000003000400013005001700017008004100034010001700075035002000092040006900112042001200181050002300193051001700216082001200233110004100245245013800286260007800424300004000502440006100542501021500603650004600818650004200864999001700906hew59000004 DLC20260227111509.0831229s1958 dcuab s f000 0 eng c ahew59000004  a(OCoLC)10255895 aU.S. Dept. of Health, Education, and Welfare. LibrarycCNoSdDLC apremarc00aL111b.A72 no. 529 aLB1567b.U66 a379.1731 aUnited States.bOffice of Education.10aStatistics of public school systems in 101 of the most rural counties, 1955-56 /cprepared under the direction of Walter H. Gaummitz. a[Washington] :bU.S. Department of Health, Education, and Welfare,c1958. aiii, 23 p. :bmap, tables ;c27 cm. 0aCircular (United States. Office of Education) ;vno. 529 aL111.A72 with: Baccalaureate degrees conferred by American colleges in the 17th and 18th centuries / Walter Crosby Eells. [Washington] : Office of Education, 1958. Bound together subsequent to publication.5DLC 0aRural schoolszUnited StatesvStatistics. 0aEducationzUnited StatesvStatistics. c34183d34183